Statistics for Train stations in Prague

Click here to take the quiz!

General Stats

  • This quiz has been taken 121 times
    (90 since last reset)
  • The average score is 23 of 46

Answer Stats

LinesStation% Correct
S7, S8, S9, S65, S88Hlavní nádraží
95%
S6, S7Smíchov
95%
S49Holešovice
84%
S1, S2, S3, S4, S5, S22, S34, S54Masarykovo nádraží
80%
S1, S49Libeň
78%
S8, S9, S88Vršovice
78%
S2, S3, S9, S22, S34Vysočany
64%
S9, S49Hostivař
62%
S8, S88Braník
58%
S5, S54Veleslavín
58%
S65Zličín
58%
S8, S88Kačerov
56%
S9Zahradní Město
56%
S5, S54Bubny
55%
S9Eden
55%
S1Klánovice
55%
S8, S88Krč
55%
S2, S9, S22Horní Počernice
53%
S8, S88Modřany zastávka
53%
S4, S49Podbaba
53%
S5, S54Dejvice
51%
S1Běchovice
49%
S9Uhříněves
49%
S1Dolní Počernice
47%
S3, S34Čakovice
45%
S5, S54Ruzyně
45%
S9Horní Měcholupy
44%
S9Kolovraty
44%
S7Radotín
44%
S3, S34Satalice
44%
S7Velká Chuchle
44%
S8, S88Zbraslav
42%
S1Kyje
40%
S6Hlubočepy
38%
S1Běchovice střed
36%
S65Cibulka
36%
S3, S34Kbely
36%
S65Jinonice
35%
S6Řeporyje
33%
S65Stodůlky
33%
S8, S88Komořany
31%
S4, S49Sedlec
31%
S4Holešovice zastávka
29%
S65Žvahov
27%
S65Smíchov severní nástupiště
25%
S6Holyně
22%

Score Distribution

Percentile by Number Answered

Percent of People with Each Score

Your Score History

You have not taken this quiz since the last reset